000 00348nam a22001337a 4500
008 180918b xxu||||| |||| 00| 0 eng d
020 _a9780316283434
041 _aeng
080 _a610
100 _a6
101 _aANE
245 _aClinical Anesthesia Procedures Of Massachusetts General Hospital
_cFirestoneL.L
942 _2udc
_cBK
999 _c47917
_d47917